000 00661nam a2200181 a 4500
008 120416s1989 ||||||||||||||||| || u
020 _a9071367061
050 _aHC 79.I53 Ind
100 _aSmits, A. P
245 1 0 _aIndustrialisation in developing countries
_cedited by A. P. Smits
246 _aKijkduin seminar, 29-30 October 1987
260 _aThe Hague
_bACSRDP
_c1989
300 _a92p. : ill.
350 _a0.00
650 _aINDUSTRIALIZATION--DEVELOPING COUNTRIES
650 _aINDUSTRY
995 _D0.00
_FCBU-MAIN LIBRARY (Kitwe)
_H1
_I14.95
_M1
_UAVAILABLE
_ZAnnex Low-Usage Collection
999 _c46778
_d46778